Trendy sociálnych sietí a ich využitie mimo prostredia zábavného priemyslu bakalárska práca

Enregistré dans:
Détails bibliographiques
Auteur principal: Zima, Richard
Collectivité auteur: Fakulta hospodárskej informatiky EU. Katedra aplikovanej informatiky
Autres auteurs: Trochanová, Hana
Format: Livre
Langue:slovaque
Publié: Bratislava 2011
Tags: Ajouter un tag
Pas de tags, Soyez le premier à ajouter un tag!

MARC

LEADER 00000nbm a2200000 4500
001 0141333
005 20161109111750.6
041 0 |a slo 
044 |a SK 
245 1 0 |a Trendy sociálnych sietí a ich využitie mimo prostredia zábavného priemyslu  |b bakalárska práca  |c Richard Zima ; školiteľ: Hana Trochanová 
264 1 |a Bratislava  |c 2011 
300 |a 48 s. 
100 1 |a Zima, Richard 
700 1 |a Trochanová, Hana 
710 2 |a Fakulta hospodárskej informatiky EU. Katedra aplikovanej informatiky